| 000 | 01397cam a2200253 4500 | ||
|---|---|---|---|
| 001 | ##L132996 | ||
| 002 | ##9895 | ||
| 008 | 060331n2006 000 0 eng u | ||
| 020 | _a0728204843 | ||
| 035 | _a(Sirsi) u132996 | ||
| 041 | 0 | _aeng | |
| 050 | 0 | 4 |
_a336.185 _c218 |
| 100 | 1 | _aParsons, Geoff | |
| 245 | 0 | 0 | _aEG council tax handbook |
| 260 |
_aLondon _bEG Books _c2006 |
||
| 300 |
_axiv, 271p. _c25cm. |
||
| 350 | _a18 | ||
| 505 | 2 | _aCouncil Tax and its history -- Organisations and structures -- Property and management -- Administration and recovery of council Tax -- Council Tax payers -- Valuation lists and assessment -- Dispute resolution -- Additions or alternatives to Council Tax -- Appendices -- Indexes. | |
| 520 | _aThis volume written for those who have an involvement in property helps to define council tax in various contexts including: governmental and organisational policies and structures, roles and activities of the principal players, policies and practices of administration, assessment, dispute resolution, procedures for best value and performance assessment, dispute resolution, enforcement and counter-fraud practice, the history of local taxation and the search for additions or alternatives. | ||
| 590 | _aIKA250406 | ||
| 690 | _aPROPERTY-RESIDENTIAL PROPERTY-RESIDENTIAL PROPERTY TAXATION-COUNCIL TAX | ||
| 700 | 1 | _aSmith, Tim Rowcliffe | |
| 942 | _n0 | ||
| 999 |
_c105301 _d105301 |
||